000 01320nam a22003497a 4500
003 CHAP
005 20220817044224.0
008 080806s2008 mx a r 00010 spa d
010 _a95003
011 _a95975
035 _a106612
040 _cCHAP
090 _aTesis
100 1 _aRobles Bermúdez, Guillermo Federico.
_998063
245 1 0 _aResistencia de cuatro poblaciones del ácaro (Tetranychus uticae Koch) a Propargite en rosal (Rosa sp.)
_c/por Guillermo Federico Robles Bermúdez
260 _aChapingo, Méx. :
_bEl autor,
_c2008
300 _avi, 38 h. :
_bcuadros
502 _aTesis (Ing. Agr. Esp. en Parasitología Agrícola) -- UACH. Departamento de Parasitología Agrícola
590 _aALEPH
_b10
_c20130110
_lUCH01
_h1523
590 _aBATCH-UPD
_b10
_c20130110
_lUCH01
_h0420
590 _aBATCH-UPD
_b10
_c20130410
_lUCH01
_h0055
590 _aBATCH-UPD
_b10
_c20130914
_lUCH01
_h1043
590 _aCONVERSION
_b10
_c20130109
_lUCH01
_h1353
650 1 4 _aÁcaros.
650 1 4 _aControl de plagas.
_927595
650 1 4 _aPlantas
_xResistencia a plagas.
_988885
650 1 4 _aRosas
_xPlagas.
_999982
901 _aBK
942 _cFOLL
949 _aTesis
_bBC
_cTES
_d33724002065637
_eTS2
_fc.2
_gDonaciØn
_h47736
_i106612
_sb
949 _aTesis
_bBC
_cTES
_d33724002066363
_eTS1
_gDonaciØn
_h47735
_i106612
_sb
999 _c95003
_d95003